Manual de manipulación de textiles tinturados con colorantes naturales /

Detalles Bibliográficos
Autores principales: Cordero, María Belén (Autor), Palacios Ochoa, Cecilia (Autor), Pinos, María Isabel (Autor)
Formato: Electrónico eBook
Lenguaje:español
Publicado: Cuenca, Ecuador : Universidad del Azuay, Casa Editora, [2024]
Colección:Artem (Universidad del Azuay, Casa Editora)
Materias:
Acceso en línea:Digitalia Hispánica

MARC

LEADER 00000nam a2200000 i 4500
001 DIGUAZUAY0250
003 NyNyDIG
007 cr |||||||||||
008 251209s2024 ec a ob 000 0 spa d
006 m o d
035 |a (OCoLC)1500713356 
040 |a DGITA  |b eng  |e rda  |e pn  |c DGITA 
020 |a 9789942645449  |q eBook 
020 |z 9789942645432 
050 1 4 |a TT854.3 ebook 
100 1 |a Cordero, María Belén,  |e author. 
245 1 0 |a Manual de manipulación de textiles tinturados con colorantes naturales /  |c Ma. Belén Cordero, Cecilia Palacios, Ma. Isabel Pinos. 
264 1 |a Cuenca, Ecuador :  |b Universidad del Azuay, Casa Editora,  |c [2024] 
300 |a 1 online resource :  |b color illustrations. 
336 |a text  |b txt  |2 rdacontent 
337 |a computer  |b c  |2 rdamedia 
338 |a online resource  |b cr  |2 rdacarrier 
347 |a text file  |2 rdaft 
347 |b PDF 
490 1 |a Artem 
504 |a Includes bibliographical references. 
588 0 |a Online resource; title from PDF title page (Digitalia, viewed December 9, 2025) 
650 0 |a Dyes and dyeing  |x Textile fibers. 
700 1 |a Palacios Ochoa, Cecilia,  |e author. 
700 1 |a Pinos, María Isabel,  |e author. 
791 2 |a Digitalia (Firm),  |e distributor. 
793 0 |g Digitalia eBook Collection:  |a Universidad del Azuay 
776 0 8 |i Print version:  |a Cordero, María Belén.  |t Manual de manipulación de textiles tinturados con colorantes naturales.  |d Cuenca, Ecuador : Universidad del Azuay, Casa Editora, [2024]  |z 9789942645432 
830 0 |a Artem (Universidad del Azuay, Casa Editora) 
856 4 0 |3 Digitalia Hispánica  |u https://www.digitaliapublishing.com/a/170478/ 
910 |a Premium collection: 2025